| 000 | 00576cam a22002291 4500 | ||
|---|---|---|---|
| 001 | sa 65005363 | ||
| 003 | DLC | ||
| 005 | 20260227112137.0 | ||
| 008 | 891206s1965 ii ab b 000 0 hino | ||
| 010 | _asa 65005363 | ||
| 035 | _a(OCoLC)20741872 | ||
| 040 |
_aDLC _cWaU _dDLC |
||
| 042 | _apremarc | ||
| 050 | 0 | 0 |
_aPK1931 _b.S8 |
| 100 | 1 |
_aAmbāprasāda Sumana, _d1916-1997. |
|
| 245 | 1 | 0 | _aHindī-bhāshā. |
| 260 | _c[1965] | ||
| 300 |
_a6, 236 p. _billus., map. _c23 cm. |
||
| 500 | _aIn Hindi. | ||
| 504 | _aBibliographical footnotes. | ||
| 650 | 0 | _aHindi language. | |
| 999 |
_c64264 _d64264 |
||